000 00285nam a22001337a 4500
008 181226b xxu||||| |||| 00| 0 eng d
020 _a0878722491
041 _aeng
080 _a341
100 _a15
101 _aSHJ
245 _aManaging Public Systems
_cWhite
942 _2udc
_cBK
999 _c53775
_d53775